000 01166nam a22003134a 4500
001 ebr5003059
003 CaPaEBR
006 m u
007 cr cn|||||||||
008 010530s2001 azua s 001 0 eng
010 _z 2001037171
020 _z1588801284 (pbk.)
040 _aCaPaEBR
_cCaPaEBR
035 _a(OCoLC)70767094
050 1 4 _aQA76.73.B3
_bV58 2001eb
082 0 4 _a005.2/768
_221
100 1 _aVitter, David.
245 1 0 _aDesigning Visual Basic.NET applications
_h[electronic resource] /
_cDavid Vitter.
260 _aScottsdale, AZ :
_bCoriolis Group Books,
_cc2001.
300 _axx, 524 p. :
_bill.
500 _aIncludes index.
533 _aElectronic reproduction.
_bPalo Alto, Calif. :
_cebrary,
_d2013.
_nAvailable via World Wide Web.
_nAccess may be limited to ebrary affiliated libraries.
630 0 0 _aMicrosoft Visual BASIC.
650 0 _aApplication software
_xDevelopment.
650 0 _aMicrosoft .NET Framework.
655 7 _aElectronic books.
_2local
710 2 _aebrary, Inc.
856 4 0 _uhttp://site.ebrary.com/lib/rucke/Doc?id=5003059
_zAn electronic book accessible through the World Wide Web; click to view
999 _c1781
_d1781